| 000 | 00421cam a2200181ua 4500 | ||
|---|---|---|---|
| 020 | _cRs 2.50 | ||
| 041 |
_ahin _h |
||
| 082 |
_a891.54 _bNAR/HI |
||
| 100 | _aNarayan, Pandit . | ||
| 245 |
_aHitopadesh / _cNarayan Pandit. _hTextual Documents |
||
| 250 |
_a6 / _b. |
||
| 260 |
_a : _bRajpal and Sanch , _c1962. |
||
| 300 | _a15 ; . | ||
| 365 | _aRs 2.50 | ||
| 504 | _a | ||
| 942 | _cBK | ||
| 999 |
_c3593 _d3593 |
||